000 00572nam a2200193Ia 4500
003 GCL
008 140319s9999 xx 000 0 ara d
040 _aGCL /
_cGCL
082 0 4 _a811.9
_bا ا
100 1 _aالياس ابو شبكة
245 1 0 _aالالحان ومقتطفات من (غلواء) /
_cالياس ابو شبكة
300 _a95 ص
490 _aكتاب
_v0
650 0 4 _aالشعر العربى
650 0 4 _aالعصر الحديث
650 0 4 _aدواوين وقصائد
650 0 4 _aالشعر العربى - العراق
942 _2ddc
_cBK
999 _c41096
_d41096